Market in minutes prime lettings (Record no. 113572)
[ view plain ]
| 000 -LEADER | |
|---|---|
| fixed length control field | 01108cad a22002055a 4500 |
| 001 - CONTROL NUMBER | |
| control field | L155436 |
| 008 - FIXED-LENGTH DATA ELEMENTS--GENERAL INFORMATION | |
| fixed length control field | 120619s2012 xxk f 000 0 eng d |
| 035 ## - SYSTEM CONTROL NUMBER | |
| System control number | (Sirsi) u155436 |
| 041 0# - LANGUAGE CODE | |
| Language code of text/sound track or separate title | eng |
| 110 2# - MAIN ENTRY--CORPORATE NAME | |
| Corporate name or jurisdiction name as entry element | Savills |
| 9 (RLIN) | 2020 |
| 245 00 - TITLE STATEMENT | |
| Title | Market in minutes prime lettings |
| Remainder of title | Q1 2012 |
| Medium | [electronic resource] |
| 260 ## - PUBLICATION, DISTRIBUTION, ETC. | |
| Place of publication, distribution, etc. | London |
| Name of publisher, distributor, etc. | Savills |
| Date of publication, distribution, etc. | 2012 |
| 490 #0 - SERIES STATEMENT | |
| Series statement | Savills Research UK Residential Market in Minutes Prime Lettings |
| Volume/sequential designation | Q1 2012 |
| 520 ## - SUMMARY, ETC. | |
| Summary, etc. | Prime residential lettings movement for the 1 Qr 2012 reveals that South West outperformed the rest of London prime markets. The five year prime rental market forecasts predicts that between 2012 and 2016, Central London will perform the best in the sector. Concludes with a view of current tenant trends across Prime Central London, Prime South West, Prime North and Prime East. |
| 590 ## - LOCAL NOTE (RLIN) | |
| Local note | KA NTK |
| 651 #4 - SUBJECT ADDED ENTRY--GEOGRAPHIC NAME | |
| Geographic name | UNITED KINGDOM |
| 690 ## - LOCAL SUBJECT ADDED ENTRY--TOPICAL TERM (OCLC, RLIN) | |
| Topical term or geographic name as entry element | Residential property |
| 9 (RLIN) | 6266 |
| 856 40 - ELECTRONIC LOCATION AND ACCESS | |
| Uniform Resource Identifier | <a href="https://pdf.euro.savills.co.uk/uk/residential---other/market-in-minutes---lettings-q1-2012.pdf">https://pdf.euro.savills.co.uk/uk/residential---other/market-in-minutes---lettings-q1-2012.pdf</a> |
| Public note | View the report after free registration at www.savills.co.uk. |
| 942 ## - ADDED ENTRY ELEMENTS (KOHA) | |
| Suppress in OPAC | 0 |
| Withdrawn status | Lost status | Source of classification or shelving scheme | Damaged status | Not for loan | Home library | Current library | Shelving location | Date acquired | Total Checkouts | Full call number | Barcode | Date last seen | Copy number | Price effective from | Koha item type |
|---|---|---|---|---|---|---|---|---|---|---|---|---|---|---|---|
| Dewey Decimal Classification | Virtual | Virtual | Online | 22/03/2012 | ONLINE PUBLICATION | 155436-2001 | 06/08/2019 | 1 | 06/08/2019 | Book |